| 000 | 01384cam a22003495i 4500 | ||
|---|---|---|---|
| 999 |
_c27713 _d27684 |
||
| 001 | 14530272 | ||
| 003 | EG-ScBUE | ||
| 005 | 20191028144024.0 | ||
| 008 | 060831t2005 dk f b 000 0 eng d | ||
| 020 | _a8779342302 (pbk.) | ||
| 020 | _a9788779342309 (pbk.) | ||
| 035 | _a(OCoLC)ocm62309645 | ||
| 040 |
_aOHX _beng _erda _cOHX _dBAKER _dUPM _dDLC _dEG-ScBUE |
||
| 043 | _aaw----- | ||
| 082 | 0 | 4 |
_a320.956 _bDEM _222 |
| 245 | 0 | 0 |
_aDemocratisation in the Middle East : _bdilemmas and perspectives / _cedited by Birgitte Rahbek. |
| 246 | 3 | 0 | _aDemocratization in the Middle East |
| 264 | 1 |
_aAarhus ; _aOakville, CT : _bAarhus University Press, _c[2005] |
|
| 264 | 4 | _cc2005 | |
| 300 |
_a168 pages ; _c21 cm |
||
| 336 |
_2rdacontent _atext _btxt |
||
| 337 |
_2rdamedia _aunmediated _bn |
||
| 338 |
_2rdacarrier _avolume _bnc |
||
| 504 | _aIncludes bibliographical references. | ||
| 520 | _aThe main aim of the book is to provide a forum for opinions held by Arabs who are neither Western puppets nor fanatical nationalists or Islamists, but rather academics with a vast knowledge of the Middle East as well as of the West. | ||
| 650 | 7 |
_aDemocratization _zMiddle East. _2BUEsh |
|
| 651 | 7 |
_aMiddle East _xPolitics and government _y1979- _2BUEsh |
|
| 653 |
_bBUSBOL _bMASPPSS _cOctober2019 |
||
| 655 | _vReading book | ||
| 700 | 1 |
_aRahbek, Birgitte, _d1944- _eeditor. |
|
| 942 |
_2ddc _cBB |
||